Responses for show #5214 - Thursday, April 19, 2007

Contestants

[<< previous game]

Andrea Ozment, a nurse and freelance writer from New Haven, Connecticut

William Lee, a software engineer originally from Vero Beach, Florida

Tricia McKinney, a TV news writer from Secaucus, New Jersey (whose 3-day cash winnings total $50,800)

[next game >>]

Jeopardy! Round responses

NAME THAT CLASSIC
BRIDE OF THE YANKEES
LESSER-KNOWN AMERICANS
MR. OR MS. MAYOR
NATIONAL FLAGS
SCRAMBLED SAYINGS
(Alex: Think of Yoda from Star Wars.)
    $200 9
Moby-Dick

Andrea
    $200 1
Joe DiMaggio

Tricia
    $200 8
the Declaration of Independence

Andrea
    $200 14
Chicago

Andrea
    $200 3
a dragon

William
    $200 15
"Better safe than sorry"

Tricia
    $400 10
(The Adventures of) Tom Sawyer

Tricia
    $400 2
(Tricia: Who is Maris?)

Babe Ruth

TriciaWilliam
    $400 17
bridge

Andrea
    $400 21
San Francisco

Andrea
    $400 4
Taiwan

Tricia
    $400 16
"If you can't beat them, join them"

William
    $600 11
(Tricia: What is The Portrait of Dorian Gray?)
...
(Alex: Yes, It's a common mistake.)

The Picture of Dorian Gray

TriciaAndrea
    $600 29
Derek Jeter

William
    $1,000 22
Louisiana

Andrea
    $600 27
Washington, D.C.

Tricia
    $600 5
Tanzania

Andrea
    $600 18
"Between a rock and a hard place"

Andrea
    $800 12
Uncle Tom's Cabin

William
    $800 30
the New York Marathon

Andrea
    $800 23
Jane Addams

William
    $800 28
Los Angeles

William
    $800 6
Luzon

William
    $800 19
(Alex: Now this is the Yoda one.)

"You can't teach an old dog new tricks"

Tricia
    $1000 13
Black Beauty

Triple Stumper
    $1000 25
Thurman Munson

William
    $1000 24
(William: Who is Custer?)
...
(Alex: You're probably familiar with the [*] Trail.)

John Bozeman

William
Triple Stumper
    $1000 26
New Orleans

Andrea
    $1000 7
Andorra

Triple Stumper
    $1000 20
"Youth is wasted on the young"

Tricia

Scores at the first commercial break (after clue 16):

Tricia William Andrea
$200 $2,600 $1,800

Scores at the end of the Jeopardy! Round:

Tricia William Andrea
$2,600 $4,800 $6,000

Double Jeopardy! Round responses

EUROPEAN COMPOSERS
TV SPIN-OFFS
(Alex: Give us the show that was the source of each one.)
AT THE ART OPENING
VERY SPECIFIC FORTUNE COOKIES
IN NEED OF A DATE
"E" HARMONY
    $400 16
Haydn

Tricia
    $400 1
The Practice

Andrea
    $400 21
it has been sold

Andrea
    $400 6
Joe

William
    $400 26
1968

Andrea
    $400 11
escapologist

Tricia
    $800 17
Puccini

Tricia
    $800 2
The Six Million Dollar Man

Tricia
    $800 22
Chardonnay

Tricia
    $800 7
vodka

Andrea
    $800 27
1981

William
    $800 12
eggs

Andrea
    $1200 18
(William: Who was Dorvak?)

Dvorak

William
Triple Stumper
    $1200 3
Buffy the Vampire Slayer

William
    $1200 23
Picasso

Andrea
    $1200 8
Heloise

William
    $1200 28
(Tricia: What is 1952?)

1953

Tricia
Triple Stumper
    $2,000 13
Europe

Andrea
    $2,000 19
Grieg

Tricia
    $1600 4
Dynasty

William
    $1600 24
representational

Triple Stumper
    $1600 9
(Andrea: What is Remington?)

Winchester

TriciaAndrea
    $1600 29
1936

William
    $1600 14
echolocation

Andrea
    $2000 20
New York Philharmonic

Triple Stumper
    $2000 5
Sanford and Son

William
    $2000 25
installation

Tricia
    $2000 10
quadratical

Tricia
    $2000 30
(William: What is 1916?)

1922

William
Triple Stumper
    $2000 15
epiphyte

Tricia

Scores at the end of the Double Jeopardy! Round:

Tricia William Andrea
$14,200 $10,400 $12,000

[wagering suggestions for these scores]

Final Jeopardy! Round responses

PRESIDENTIAL VETOES
WilliamWho A Johnson?
$10,400
AndreaWho is Johnson?
$8,000
TriciaWho was Andrew Jackson?
$9,799
Andrew Johnson

Final scores:

Tricia William Andrea
$4,401 $20,800 $20,000
3rd place: $1,000 New champion: $20,800 2nd place: $2,000

Game dynamics:

Coryat scores:

Tricia William Andrea
$13,800 $10,400 $10,800
17 R
(including 1 DD),
3 W
16 R,
3 W
19 R
(including 2 DDs),
1 W

Combined Coryat: $35,000

The J! Archive is created by fans, for fans. The Jeopardy! game show and all elements thereof, including but not limited to copyright and trademark thereto, are the property of Jeopardy Productions, Inc. and are protected under law. This website is not affiliated with, sponsored by, or operated by Jeopardy Productions, Inc. Join the discussion at JBoard.tv.